00297nam a2200121Ia 4500008004100000100004700041245002300088260002000111300000800131650001400139942000700153999001500160190216s9999||||xx |||||||||||||| ||und|| a"Whittaker A G, Mount A R & Heal M R" 0aPhysical Chemistry bViva Bookc2001 a286 aChemistry cBK c3175d3175